MARC
| LEADER | 00000nam a2200000Ia 4500 | ||
|---|---|---|---|
| 008 | 170316s9999 xx 000 0 und d | ||
| 040 | |a cru BVZT | ||
| 090 | |a 860 A-34d | ||
| 100 | |a Arias, Alejandro |9 1005 | ||
| 245 | |a Dibujando en el aire |c / Alejandro Arias | ||
| 260 | |a Lima, Perú |b [s.n.] |c 1959 | ||
| 300 | |a 94 páginas | ||
| 650 | |a LITERATURA LATINOAMERICANA |9 15 | ||
| 999 | |c 8330 |d 8330 | ||
| 942 | |c 15 D |h 860 A-34d |2 z | ||
